From West to East : Estimating External Spillovers to Australia and New Zealand /

This paper examines the size and source of external spillovers to Australia and New Zealand based on a structural vector autoregression (VAR) approach. It finds that during the last decade shocks from emerging Asia have become more important than those from the United States in affecting Australia&#...

Descrizione completa

Dettagli Bibliografici
Autore principale: Sun, Yan
Natura: Periodico
Lingua:English
Pubblicazione: Washington, D.C. : International Monetary Fund, 2011.
Serie:IMF Working Papers; Working Paper ; No. 2011/120
Accesso online:Full text available on IMF
LEADER 01786cas a2200241 a 4500
001 AALejournalIMF007201
008 230101c9999 xx r poo 0 0eng d
020 |c 5.00 USD 
020 |z 9781455262434 
022 |a 1018-5941 
040 |a BD-DhAAL  |c BD-DhAAL 
100 1 |a Sun, Yan. 
245 1 0 |a From West to East :   |b Estimating External Spillovers to Australia and New Zealand /  |c Yan Sun. 
264 1 |a Washington, D.C. :  |b International Monetary Fund,  |c 2011. 
300 |a 1 online resource (21 pages) 
490 1 |a IMF Working Papers 
500 |a <strong>Off-Campus Access:</strong> No User ID or Password Required 
500 |a <strong>On-Campus Access:</strong> No User ID or Password Required 
506 |a Electronic access restricted to authorized BRAC University faculty, staff and students 
520 3 |a This paper examines the size and source of external spillovers to Australia and New Zealand based on a structural vector autoregression (VAR) approach. It finds that during the last decade shocks from emerging Asia have become more important than those from the United States in affecting Australia's business cycle. A 1 percent shock to emerging Asia's growth is found to shift Australian growth by about 1/3 percent. Furthermore, there is evidence that commodity prices dominate the transmission of shocks from emerging Asia to Australia. The influence of emerging Asia on New Zealand is found to come indirectly through Australia, with Australian shocks transmitting almost "one-on-one" to New Zealand, largely through financial factors. 
538 |a Mode of access: Internet 
830 0 |a IMF Working Papers; Working Paper ;  |v No. 2011/120 
856 4 0 |z Full text available on IMF  |u http://elibrary.imf.org/view/journals/001/2011/120/001.2011.issue-120-en.xml  |z IMF e-Library